Europäische Länder mit den wenigsten Übernachtungsgästen - Statistiken

Allgemein
  • Dieses Quiz wurde 304 mal gespielt
    260 seit der letzten Aktualisierung
  • Das Durchschnittsergebnis liegt bei 7 aus 10
Antwortstatistiken
Besucher Land % Korrekt
79,000 Liechtenstein
87%
sehr gering Vatikanstadt
87%
78,000 San Marino
86%
145,000 Moldawien
81%
9,597 Kosovo
78%
1,046,000 Luxemburg
71%
355,000 Monaco
70%
631,000 Nordmazedonien
69%
1,497,000 Serbien
56%
922,000 Bosnien und Herzegowina
52%
Keine übereinstimmenden Quizze gefunden
Verteilung der Resultate
Anzahl Personen mit jedem Resultat
Perzentil nach korrekt beantworteten Fragen
Ihre Resultats-Entwicklung
Sie haben dieses Quiz seit der letzten Aktualisierung nicht gespielt